| 000 | 00526nam a2200181 a 4500 | ||
|---|---|---|---|
| 001 | 000037943 | ||
| 003 | DO-SdBNP | ||
| 005 | 20250129073605.0 | ||
| 007 | ta | ||
| 008 | 130311s1990 dr a 000 0 spa d | ||
| 040 |
_aDO-SdBNP _bspa _cBNPHU |
||
| 082 | 4 | _b22 | |
| 100 | 1 |
_aBalcácer, Juan Daniel, _d1949- _96566 |
|
| 245 | 1 | 0 |
_aJuan Pablo Duarte : _bel padre de la patria / _cJuan Daniel Balcácer. |
| 260 |
_aSanto Domingo : _bSusaeta Ediciones Dominicanas, _c1990. |
||
| 300 |
_a79 p. : _bils. ; _c21 cm. |
||
| 942 |
_2ddc _cLBS1 |
||
| 999 |
_c37433 _d37433 |
||